| 000 | 01578cam a2200469 i 4500 | ||
|---|---|---|---|
| 001 | data | ||
| 005 | 20260322212118.0 | ||
| 008 | data | ||
| 035 | _a23818719 | ||
| 906 |
_a7 _bcbc _ccopycat _d3 _encip _f20 _gy-gencatlg |
||
| 925 | 0 |
_aacquire _b1 shelf copy _xpolicy default |
|
| 955 | _dhm09 2024-12-17 revised 050 | ||
| 010 | _a 2023514134 | ||
| 015 |
_aGBC392954 _2bnb |
||
| 016 | 7 |
_a021054267 _2Uk |
|
| 020 |
_a9781785789977 _q(hardback) |
||
| 020 |
_a178578997X _q(hardback) |
||
| 035 | _a(OCoLC)1379484321 | ||
| 040 |
_aUKMGB _beng _erda _cUKMGB _dDLC _dOCLCQ _dOCLCO _dCDX _dYDX _dDLC |
||
| 042 | _alccopycat | ||
| 050 | 0 | 0 |
_aBD21 _b.P454 2023 |
| 082 | 0 | 4 |
_a100 _223 |
| 245 | 0 | 0 |
_aPhilosophy / _cconsultant editor, Laura D'Olimpio ; illustrations, Robert Fiszer. |
| 246 | 1 | 4 |
_aPhilosophy : _bnavigate your way through big ideas |
| 264 | 1 |
_aLondon : _bIcon Books, _c2023. |
|
| 264 | 4 | _c©2023 | |
| 300 |
_a160 pages : _bcolor illustrations ; _c24 cm. |
||
| 336 |
_atext _btxt _2rdacontent |
||
| 337 |
_aunmediated _bn _2rdamedia |
||
| 338 |
_avolume _bnc _2rdacarrier |
||
| 490 | 0 | _aShort cuts | |
| 504 | _aIncludes bibliographical references (page 156) and index. | ||
| 650 | 0 | _aPhilosophy. | |
| 650 | 6 | _aPhilosophie. | |
| 650 | 7 |
_aphilosophy. _2aat |
|
| 650 | 7 |
_aPhilosophy _2fast |
|
| 700 | 1 |
_aD'Olimpio, Laura, _eeditor. |
|
| 700 | 1 |
_aFiszer, Robert, _eillustrator. |
|
| 923 |
_apurchase _d2024-07-31 _nI-200014663 _sProQuest |
||
| 985 | _eVENDOR LOAD | ||
| 999 |
_c1791 _d1791 |
||